000 00846nam a22002897a 4500
003 CHAP
005 20220329135745.0
008 971013s1971 r 00010 d
010 _a41586
011 _a42558
035 _a46687
040 _cCHAP
082 _a574.5
_bF6
100 0 0 _aForrester, Jay W.
_942615
245 _aWorld dynamics
260 _aCambridge, Mass. :
_bWright-Allen,
_c1971
300 _a142 p.
_b: gráfs.
590 _aBATCH-UPD
_b10
_c20130110
_lUCH01
_h0220
590 _aBATCH-UPD
_b10
_c20130110
_lUCH01
_h1804
590 _aBATCH-UPD
_b10
_c20130410
_lUCH01
_h1139
590 _aBATCH-UPD
_b10
_c20130914
_lUCH01
_h1228
590 _aCONVERSION
_b10
_c20130109
_lUCH01
_h1323
650 1 4 _aEcología.
_935134
901 _aBK
942 _cLIBRO
949 _a574.5 F6
_bBC
_cLIBRO
_d33724000428207
_eLIBRO
_h31143
_i46687
_si
999 _c41586
_d41586